|
|
|
|
| LEADER |
00000nab a2200000 a 4500 |
| 001 |
vtls001010049 |
| 003 |
SK-MaSNL |
| 005 |
20260304224037.0 |
| 008 |
040720e20020218xo 0 slo |
| 035 |
|
|
|a RV10649
|
| 040 |
|
|
|a RVGKPD
|b slo
|c RVGKPD
|e AACR2
|
| 041 |
0 |
|
|a slo
|
| 044 |
|
|
|a xo
|c SK
|
| 080 |
|
|
|a 614.254
|2 1997
|
| 245 |
0 |
0 |
|a Lekár siamských dvojčiat dostal cenu za mimoriadny čin
|c (ta sr)
|
| 300 |
|
|
|b Fotogr.
|
| 600 |
1 |
7 |
|a Siman, Jaroslav,
|d 1933-2008
|2 RVGKPD
|9 18566
|
| 650 |
0 |
7 |
|a Humanitný čin roka 2001
|2 RVGKPD
|9 1558763
|
| 650 |
0 |
7 |
|a ceny a vyznamenania
|2 RVGKPD
|9 73045
|
| 650 |
0 |
7 |
|a siamské dvojčatá
|2 RVGKPD
|9 58785
|
| 650 |
0 |
7 |
|a operácie siamských dvojčiat
|2 RVGKPD
|9 1043179
|
| 651 |
|
7 |
|a Bratislava (Slovensko)
|2 RVGKPD
|
| 651 |
|
7 |
|a Krásnohorská Dlhá Lúka (Slovensko)
|2 RVGKPD
|9 98974
|
| 773 |
0 |
8 |
|t Gemerský denník
|g Roč. 4, č. 41 (18.2.2002), s. 1
|
| 852 |
|
|
|a ZVYKNI
|b KIS3GCP
|
| 999 |
|
|
|c 3170721
|d 3172651
|